000 01931nam0a2200409 4500
001 RU\NLR\BIBL_A\022676266
005 20260306152218.0
010 _a978-5-17-179612-9
_92000
021 _aRU
_bКН-П-25-062648
_9КН-П-25-6056
035 _a(NLR Aleph) 022676266
090 _a13555855
_c13555855
100 _a20251201d2025 u y0rusy50 ca
101 0 _arus
102 _aRU
105 _ay z 000yb
181 0 _ai4
_baxxe
182 0 _an
200 1 _aКороче, Пушкин
_fАлександр Архангельский
_gавтор идеи: Майя Кучерская
203 _aТекст
_bвизуальный
_cнепосредственный
210 _aМосква
_cАСТ, Редакция Елены Шубиной
_d2025
215 _a345, [1] с.
_d19
225 1 _aСерия "Жизнь известных людей"
_eЖИЛ
300 _aНа обл. и корешке также: Александр Пушкин
320 _aБиблиогр.: с. 341-346
333 _a18+
600 1 _aПушкин
_bА. С.
_f1799 - 1837
_gАлександр Сергеевич
_xБиография
_92086022
_3RU\NLR\AUTH\661262149
686 2 _aШ5(2=Р)51-4Пушкин2
700 1 _7ca
_8rus
_aАрхангельский
_bА. Н.
_cканд. филол. наук, писатель
_f1962-
_gАлександр Николаевич
_911767
_3RU\NLR\AUTH\7728736
702 1 _4280
_7ca
_8rus
_aПушкин
_bА. С.
_cпоэт
_f1799-1837
_gАлександр Сергеевич
_9110441
_3RU\NLR\AUTH\77386
702 1 _4245
_7ca
_8rus
_aКучерская
_bМ. А.
_f1970-
_gМайя Александровна
_9117168
_3RU\NLR\AUTH\777229
942 _cBOOK
980 _aIA
980 _aNB
996 _aиноагент
_bp
_cАрхангельский Александр Николаевич